Elke Winter, Max Weber et les relations ethniques: du refus du biologisme racial à l’État multinational, suivi de Le Débat sur “race et société” au premier Congrès de la Société allemande de sociologie (1910). Préf. de Philippe Fritsch. Trad. de l’allemand par Vanessa Wilkening et Elke Winter, Montréal, Les Presses de l’Université Laval, 2004, xviii + 214 p., bibl. (notice n° 1645976)

détails MARC
000 -LEADER
fixed length control field 00799cam a2200145 4500500
005 - DATE AND TIME OF LATEST TRANSACTION
control field 20260208002342.0
041 ## - LANGUAGE CODE
Language code of text/sound track or separate title fre
042 ## - AUTHENTICATION CODE
Authentication code dc
100 10 - MAIN ENTRY--PERSONAL NAME
Personal name Meyran, Régis
Relator term author
245 00 - TITLE STATEMENT
Title Elke Winter, Max Weber et les relations ethniques: du refus du biologisme racial à l’État multinational, suivi de Le Débat sur “race et société” au premier Congrès de la Société allemande de sociologie (1910). Préf. de Philippe Fritsch. Trad. de l’allemand par Vanessa Wilkening et Elke Winter, Montréal, Les Presses de l’Université Laval, 2004, xviii + 214 p., bibl.
260 ## - PUBLICATION, DISTRIBUTION, ETC.
Date of publication, distribution, etc. 2005.<br/>
500 ## - GENERAL NOTE
General note 96
786 0# - DATA SOURCE ENTRY
Note L'Homme | 175-176 | 3 | 2005-07-01 | p. 475g-572g | 0439-4216
856 41 - ELECTRONIC LOCATION AND ACCESS
Uniform Resource Identifier <a href="https://shs.cairn.info/revue-l-homme-2005-3-page-475g?lang=fr&redirect-ssocas=7080">https://shs.cairn.info/revue-l-homme-2005-3-page-475g?lang=fr&redirect-ssocas=7080</a>

Pas d'exemplaire disponible.

PLUDOC

PLUDOC est la plateforme unique et centralisée de gestion des bibliothèques physiques et numériques de Guinée administré par le CEDUST. Elle est la plus grande base de données de ressources documentaires pour les Étudiants, Enseignants chercheurs et Chercheurs de Guinée.

Adresse

627 919 101/664 919 101

25 boulevard du commerce
Kaloum, Conakry, Guinée

Réseaux sociaux

Powered by Netsen Group @ 2025